000 00505 a2200193 4500
005 20250325102454.0
008 250324b |||||||| |||| 00| 0 eng d
020 _a9788131613603
_cRs. 1895.00
040 _aMAIN
082 _a301.24
_bN135I
100 _aNagla, B K, ed.
245 _aIndian Sociologists: Conversations
260 _bRawat Publications
_aNew Delhi
_c2024
300 _axii, 338
650 _aSociology
650 _aIndian Sociologists
650 _aIndian Society
942 _cBK
999 _c360942
_d360942